000 00493nam a2200205Ia 4500
005 20240823035102.0
008 240823s9999||||xx |||||||||||||| ||und||
020 _a978-0-00-7424497-9
041 _aENGLISH
082 _A796.334092 Q2
100 _aPaul Merson
245 0 _aHow not to be a professional footballer
250 _a1st
260 _c2012
_bHarper Collins Publi
500 _aYES
650 _aNovel
_bEnglish
700 _a Matt Allen
942 _cBK
999 _c199841
_d199841